| 000 | 01093nam a2200229Ia 4500 | ||
|---|---|---|---|
| 999 |
_c53854 _d53854 |
||
| 001 | 20905 | ||
| 003 | GE_BSU | ||
| 005 | 20220426100448.0 | ||
| 008 | 181216s2017||||ge |||||||||||||| ||geo|| | ||
| 040 | _cGE_BSU | ||
| 041 | _ageo | ||
| 080 | _a349.2(479.22)(094.4) ს-32 | ||
| 245 |
_aსაქართველოს ორგანული კანონი: საქართველოს შრომის კოდექსი : _bცვლილებებითა და დამატებებით 2017 წლის 8 მაისამდე. |
||
| 264 |
_aთბილისი : _bბონა კაუზა, _c2017. |
||
| 300 |
_a60 გვ. ; _c20 სმ. |
||
| 490 | _aიურისტის ბიბლიოთეკა | ||
| 541 | _h3ლ.50თ. | ||
| 653 | _aსამართალი | ||
| 653 | _aსაქართველოს შრომის კოდექსი | ||
| 653 | _aშეტანილია ცვლილება საქართველოს ორგანული კანონებით | ||
| 942 |
_cBK _2udc |
||